| 000 | 00710cam a22002411 4500 | ||
|---|---|---|---|
| 001 | sa 68017153 | ||
| 003 | DLC | ||
| 005 | 20260227112700.0 | ||
| 008 | 731130s1962 xx 000 0 ind | ||
| 010 | _asa 68017153 | ||
| 035 | _a(OCoLC)752244 | ||
| 040 |
_aDLC _cOAU _dDLC |
||
| 042 | _apremarc | ||
| 050 | 0 | 0 |
_aPZ90.I5 _bD6 |
| 245 | 0 | 0 |
_aDongeng² Kutilang _c[disusun oleh S. Rukiah Kertapati] |
| 260 |
_aDjakarta, _bJajasan Kebudajaan Sadar _c[1962- |
||
| 300 |
_av. _billus. _c21 cm. |
||
| 500 | _aVol. 2 has title: Kumpulan dongeng² Kutilang. | ||
| 650 | 0 | _aChildren's stories, Indonesian. | |
| 700 | 1 |
_aKertapati, S. Rukiah, _eed. |
|
| 700 | 0 | _aKutilang. | |
| 740 | 0 | _aKumpulan dongeng² Kutilang. | |
| 999 |
_c87546 _d87546 |
||